000 00631nam a2200229Ia 4500
003 OSt
005 20221007070902.0
006 a|||||r|||| 00| 0
007 ta
008 221006b |||||||| |||| 00| 0 eng d
024 _a27,227
037 _cTextual
040 _aFLL
_cFLL
_beng
041 _2eng
_aeng
082 _aZ4653, K0
100 _aTedeschi Guido (Gad)
_9687891
245 0 _aStudies in Israel law
260 _aJerusalem
_bThe Hebrew University Students Press Jerusalem
_c1960
300 _avi,1-303p
_ccm.
942 _hZ4653, K0
_cTEXL
_2CC
999 _c1141802
_d1141802